Formal issues in Austronesian linguistics

Bibliographic Details
Published in:Studies in natural language and linguistic theory
Main Authors: Paul, Ileana (ed.), Phillips, Vivianne (ed.), Travis, Lisa (ed.)
Content type: Book
Published: Dordrecht [etc.]: Kluwer 2000
Series:Studies in natural language and linguistic theory ; 49
Source:MPIPL_cat
_version_ 1863687013273698307
author2 Paul, Ileana
Phillips, Vivianne
Travis, Lisa
author2_role ed
author2_variant i p ip
v p vp
l t lt
author_facet Paul, Ileana
Phillips, Vivianne
Travis, Lisa
author_search Paul, Ileana
Phillips, Vivianne
Travis, Lisa
author_sort Paul, Ileana
callnumber-first 215-For/1
callnumber-label 215-FOR/1
callnumber-raw 215-FOR/1
callnumber-search 215-FOR/1
collection_details MPIPL
container_title Studies in natural language and linguistic theory
dedup_id_str MPIPL_cat.PL0092230
dewey-hierarchy 0/[Unassigned]/
dewey-hierarchy_str 0/[Unassigned]/
first_indexed 2026-03-14T00:40:35Z
format 0/Buch/
format_str 0/Buch/
fullrecord <?xml version="1.0" encoding="UTF-8"?> <collection xmlns:xsi="http://www.w3.org/2001/XMLSchema-instance" xsi:schemaLocation="http://www.loc.gov/MARC21/slim http://www.loc.gov/standards/marcxml/schema/MARC21slim.xsd" xmlns="http://www.loc.gov/MARC21/slim"> <record> <leader>00000cam a2200000 ub4500</leader> <controlfield tag="001">PL0092230</controlfield> <controlfield tag="003">PLI01000000000000000089869</controlfield> <controlfield tag="005">00000000000000.0</controlfield> <controlfield tag="008"> ||| u </controlfield> <datafield tag="020" ind1=" " ind2=" "> <subfield code="a">0-7923-6068-0</subfield> </datafield> <datafield tag="020" ind1=" " ind2=" "> <subfield code="a">9780792360681</subfield> </datafield> <datafield tag="090" ind1=" " ind2=" "> <subfield code="a">215-For/1</subfield> </datafield> <datafield tag="100" ind1="1" ind2=" "> <subfield code="a">Paul, Ileana</subfield> <subfield code="e">[ed.]</subfield> </datafield> <datafield tag="245" ind1="0" ind2="0"> <subfield code="a">Formal issues in Austronesian linguistics</subfield> <subfield code="c">ed. by Ileana Paul, Vivianne Phillips and Lisa Travis</subfield> </datafield> <datafield tag="260" ind1=" " ind2=" "> <subfield code="a">Dordrecht [etc.]</subfield> <subfield code="b">Kluwer</subfield> <subfield code="c">2000</subfield> </datafield> <datafield tag="300" ind1=" " ind2=" "> <subfield code="a">XI, 262 p.</subfield> </datafield> <datafield tag="700" ind1="1" ind2=" "> <subfield code="a">Phillips, Vivianne</subfield> <subfield code="e">[ed.]</subfield> </datafield> <datafield tag="700" ind1="1" ind2=" "> <subfield code="a">Travis, Lisa</subfield> <subfield code="e">[ed.]</subfield> </datafield> <datafield tag="989" ind1=" " ind2=" "> <subfield code="a">01-01</subfield> </datafield> <datafield tag="490" ind1="0" ind2=" "> <subfield code="a">Studies in natural language and linguistic theory</subfield> <subfield code="v">49</subfield> </datafield> <datafield tag="830" ind1=" " ind2="0"> <subfield code="w">PL0000540</subfield> </datafield> <datafield tag="852" ind1=" " ind2=" "> <subfield code="c">215-For/1</subfield> <subfield code="m">BOOK</subfield> </datafield> </record> </collection>
hierarchy_parent_id MPIPL_cat.PL0000540
hierarchy_parent_title Studies in natural language and linguistic theory
id MPIPL_cat.PL0092230
illustrated Not Illustrated
institution MPIPL_cat
institution_str MPIPL_cat
isbn 9780792360681
0-7923-6068-0
language und
language_str und
last_indexed 2026-04-27T23:42:04Z
local_fields 01-01
online false
online_MPIPL_cat false
online_str false
physical XI, 262 p.
publishDate 2000
publishDate_str 2000
publisher Kluwer
record_format marc
series Studies in natural language and linguistic theory
signature_search 215-For/1
spelling Paul, Ileana
ed.
Formal issues in Austronesian linguistics
ed. by Ileana Paul, Vivianne Phillips and Lisa Travis
Dordrecht [etc.]
Kluwer
2000
XI, 262 p.
Phillips, Vivianne
Travis, Lisa
Studies in natural language and linguistic theory
49
PL0000540
spellingShingle Formal issues in Austronesian linguistics
Studies in natural language and linguistic theory
title Formal issues in Austronesian linguistics
title_full Formal issues in Austronesian linguistics ed. by Ileana Paul, Vivianne Phillips and Lisa Travis
title_fullStr Formal issues in Austronesian linguistics ed. by Ileana Paul, Vivianne Phillips and Lisa Travis
title_full_unstemmed Formal issues in Austronesian linguistics ed. by Ileana Paul, Vivianne Phillips and Lisa Travis
title_search Formal issues in Austronesian linguistics
Studies in natural language and linguistic theory
title_short Formal issues in Austronesian linguistics
title_sort formal issues in austronesian linguistics ed by ileana paul vivianne phillips and lisa travis